1577 1061 1404 1551 1187 1053 1244 1170 1160 1614 1092 1325 1645 1996 1473 1843 1490 1431 1501 1445 1956 1183 1983 1978 1980 1883 1366 1179 1786 1120 1513 1310 1866 1898 1724 1054 1841 1880 1592 1965 1448 1643 1054 1825 1999 1099 1907 1515 1150 1139 1755 1554 1432 1417 1290 1595 1229 1551 1060 1124 1320 1570 1633 2000 1497 1658 1332 1846 1645 1789 1646 1673 1622 1159 1600 1742 1507 1147 1397 1924 1284 1144 1793 1382 1253 1373 1555 1775 1271 1860 1216 1792 1915 1863 1085 1204 1367 1987 1339 BCNSPRNW ULIB Ver.6.0+V

เปลี่ยนเป็นภาษาไทย

Change to English
 แสดงรายละเอียดบรรณานุกรม
  กลับหน้าหลัก

Brief Record : Get Marc (ISO 2709) : E-mail record : QR code < ปิดหน้าต่าง
LEADER : 00000nam 2200000uu 4500
001    13399123396
003     ULIB
008    140910s2556||||th 000 0 tha d
020    ^a9786167530529
060  4 ^aWI700^bย415ด
100 0  ^aยุพาพิน ประเสริฐกุล
245 10 ^aดูแลตับ เทคนิคการป้องกันและรักษาโรคไวรัสตับทุกชนิด /^cยุพาพิน ประเสริฐกุล
250    พิมพ์ครั้งที่2
260    ^aกรุงเทพฯ :^bFeel good,^c2556
300    ^a208 หน้า :^bภาพประกอบ
500    ^aชื่อเรื่องจากปกนอก
650  7 ^aตับอักเสบจากไวรัส^xการป้องกันและควบคุม
700 0  ^aสุจินตนา สืบสีสุก,^eบรรณาธิการ
945    ^p160^l0^i20462
999    ^aทศพร เกษรทอง
รายการนี้ยังไม่มีแท็ก
คุณยังไม่ได้ล็อกอิน คุณสามารถมีกิจกรรมร่วมกับเว็บไซต์ได้ แต่ต้องล็อกอินก่อน ::
  ล็อกอิน

รายการสื่อสารสนเทศ

ลำดับที่ ประเภท เลขเรียก/บาร์โค้ด สถานที่ สถานะ
1. วิทยาศาสตร์การแพทย์ และสุขภาพ
วิทยาศาสตร์การแพทย์ และสุขภาพ
WI700 ย415ด ฉ.1 
  Barcode: 20462
ห้องสมุดวิทยาเขตนครสวรรค์
►หนังสือทั่วไป:l:General Books
บนชั้น

รายการใกล้เคียง
    ผู้แต่ง [ยุพาพิน ประเสริฐกุล]

BibComment


ยังไม่เคยถูกคอมเมนท์

คอมเมนท์ทรัพยากรรายการนี้
  คอมเมนท์: ดูแลตับ เทคนิคกา..


 Copyright 2026. Bcnsprnw @Library